Iznos i stojkosť režuščich instrumentov /

Guardado en:
Detalles Bibliográficos
Autor principal: Makarov, A.D (Autor)
Formato: Libro
Lenguaje:ruso
Publicado: Moskva : Mašinostrojenije, 1966
Materias:
Etiquetas: Agregar Etiqueta
Sin Etiquetas, Sea el primero en etiquetar este registro!

MARC

LEADER 00000nam a22000003a 4500
001 stu38849
005 20150617225725.2
008 921126s1966----xxr-----------------rus-d
040 |a STU  |b slo 
041 0 |a rus 
044 |a xxr 
080 |a 621.937 
100 1 |a Makarov, A.D  |4 aut 
245 1 |a Iznos i stojkosť režuščich instrumentov /  |c [aut.]A.D. Makarov 
260 |a Moskva :  |b Mašinostrojenije,  |c 1966 
300 |a 263 s 
650 7 |a nástroje rezné  |2 stusub 
996 |b 284M016210  |c M*3996-1  |l MMKN  |s A  |a 24  |w stu38849_0001